| 000 | 00725nam a2200253 a 4500 | ||
|---|---|---|---|
| 008 | |||
| 020 | _a0026764903 (hbk.) | ||
| 049 | _aMAIN | ||
| 090 | _aTJ164 | ||
| 100 | 1 | _aBohn, Ralph C. | |
| 245 | 1 | 0 |
_aPower and energy technology / _cRalph C. Bohn, Angus J. MacDonald. |
| 250 | _a3rd ed. | ||
| 260 |
_aMission Hills, CA. : _bGlencoe/McGraw-Hill, _cc1991. |
||
| 300 |
_a448 p. : _bill. (some col.) ; _c26 cm. |
||
| 500 | _aIncludes index. | ||
| 650 | 0 | _aPower (Mechanics). | |
| 700 | 1 | _aBohn, Ralph C. | |
| 700 | 1 | _aMacDonald, Angus J. | |
| 907 |
_a.b10070175 _b07-09-05 _c17-04-03 |
||
| 003 | |||
| 005 | 20230123133739.0 | ||
| 040 | _cNUST | ||
| 942 |
_cBOOKS _kTJ164 |
||
| 999 |
_c153936 _d153936 |
||